| 000 | 01431nam a2200205Ia 4500 | ||
|---|---|---|---|
| 003 | OSt | ||
| 005 | 20230702194535.0 | ||
| 008 | 180225s1998 CNT 000 0 und d | ||
| 020 | _a0-87743-262-7 | ||
| 040 | _cNew Zealand National Baha'i Reference Library | ||
| 100 |
_aWilliam S. Hatcher _92102 |
||
| 245 | 1 | 0 | _aLove, Power, and Justice : The Dynamics of Authentic Morality |
| 260 |
_aWiIlmette _bBaha'i Publishing Trust _c1998 |
||
| 300 | _axviii, 155 p. | ||
| 500 | _aWhat is authentic morality? How do we know that we are being true to inauthentic moral standard? The purpose of this book is to facilitate our understanding of the process by which we can find satisfactory answers to these questions and come closer to the truth about our convictions and their worth relative to a higher authority. With fascinating insight and considerable impact, Dr. Hatcher explores an age-old problem, using precepts and arguments from philosophy, science, and religion, as well as the profound concepts contained in the Baha'i revelation. Love, Power, and Justice is truly a groundbreaking contribution to one of the more intractable debates of our time - a time when so many different factions and individuals each claim to speak with moral authority | ||
| 650 | 0 |
_aMoral Psychology _vBaha'i Faith _91108 |
|
| 650 | 0 |
_aPractical Theology _vBaha'i Faith _9246 |
|
| 650 | 0 |
_aTheological Ethics _vBaha'i Faith _9231 |
|
| 942 |
_2ddc _cCHAPTER |
||
| 999 |
_c14659 _d14659 |
||